Estadios de vida vulnerable de organismos marinos de Bahía Málaga: (Registro nro. 20132)
[ vista simple ]
| 000 -CABECERA | |
|---|---|
| Campo de control | 00787nam a22002177a 4500 |
| 005 - FECHA Y HORA DE LA ULTIMA TRANSACCION | |
| Campo de control | 20180323105748.0 |
| 008 - ELEMENTOS DE LONGITUD FIJA—INFORMACION GENERAL | |
| Campo de control | 180323b2011 ck ||||| |||| 00| 0 spa d |
| 020 ## - ISBN | |
| ISBN | 9789586709033 |
| 040 ## - FUENTE DE CATALOGACIÓN | |
| Agencia catalogadora original | CO-BoIAVH |
| Agencia transcriptora | CO-BoIAVH |
| 041 ## - IDIOMA | |
| Código de idioma para texto/pista de sonido o título separado | Español |
| 044 ## - PAÍS DE PUBLICACIÓN | |
| País de publicación | Colombia |
| 082 ## - NUMERO DE CLASIFICACION DECIMAL DEWEY | |
| Número de clasificación | 571.8 |
| Número del ítem | U58e |
| 100 ## - ASIENTO PRINCIPAL--NOMBRE PERSONAL | |
| Nombre personal | Cantera Kintz, Jaime Ricardo |
| 9 (RLIN) | 25409 |
| 245 10 - MENCION DE TITULO | |
| Título | Estadios de vida vulnerable de organismos marinos de Bahía Málaga: |
| Parte restante del título | guía para su identificación |
| 260 ## - PUBLICACION, DISTRIBUCION, ETC. (PIE DE IMPRENTA) | |
| Lugar de publicación, distribución, etc. | Santiago de Cali: |
| Nombre del editor, distribuidor, etc. | Universidad del Valle, |
| Fecha de publicación, distribución, etc. | 2011. |
| 300 ## - DESCRIPCION FISICA | |
| Extensión | 144. páginas |
| Dimensiones | 24 x 22cm |
| 650 14 - ASIENTO SECUNDARIO DE MATERIA - TERMINO TEMATICO | |
| Término temático o nombre geográfico como elemento de entrada | Biología |
| Subdivisión general | Ciclos vitales |
| Subdivisión geográfica | Bahía Malaga (Colombia) |
| 9 (RLIN) | 90745 |
| 650 14 - ASIENTO SECUNDARIO DE MATERIA - TERMINO TEMATICO | |
| Término temático o nombre geográfico como elemento de entrada | Fauna Marina |
| Subdivisión general | Identificación |
| Subdivisión geográfica | Bahía Malaga (Colombia) |
| 9 (RLIN) | 90746 |
| 650 14 - ASIENTO SECUNDARIO DE MATERIA - TERMINO TEMATICO | |
| Término temático o nombre geográfico como elemento de entrada | Biología Marina |
| Subdivisión general | Clasificación |
| 9 (RLIN) | 90747 |
| 942 ## - ELEMENTOS ADICIONALES (KOHA) | |
| Sistema de clasificación | Dewey Decimal Classification |
| Tipo de ítem | Libro |
| Withdrawn status | Lost status | Sistema de Clasificación | Damaged status | No para préstamo | Colección | Ubicación Permanente | Ubicación actual | Fecha de adquisición | Fuente de Valor | Valor | Total Checkouts | Número topográfico | Inventario / Código de Barras | Date last seen | Ejemplar | Price effective from | Forma de adquisición | Tipo de material |
|---|---|---|---|---|---|---|---|---|---|---|---|---|---|---|---|---|---|---|
| Dewey Decimal Classification | General | Bogotá | Bogotá | 23/03/2018 | Liberia de la U | 78000.00 | LB-571.8 U58e | 042544 | 23/03/2018 | Ej, 1 | 23/03/2018 | Donación | Libro |